| 000 | 00761nam0a22002531 4500 | ||
|---|---|---|---|
| 001 | RU\NLR\INFOCOMM18\ROSSICA\1000004847 | ||
| 005 | 20250613193620.0 | ||
| 035 | _a(NLR Aleph) 009976522 | ||
| 090 |
_a9673702 _c9673702 |
||
| 100 | _a20030515d1869 |||y0rusy50 ca | ||
| 101 | 0 | _alat | |
| 102 | _aRU | ||
| 105 | _ay ||||000ay | ||
| 200 | 1 |
_aEnumeratio plantarum, quas anno 1865 ad flumina Borysthenem et Konkam inferiorem in Rossiae australis provinciis Catherinoslaviensi et Taurica collegit _fLeop. Gruner |
|
| 210 |
_aMosquae _d1869 |
||
| 215 | _d8° | ||
| 700 | 1 |
_aGruner _bL. _gLeop. _4070 |
|
| 801 | 1 |
_aRU _bInfoComm _c20030515 |
|
| 801 | 0 |
_aRU _bNLR _gPSBO |
|
| 852 |
_aNLR _j12.40.2.190 |
||
| 942 | _cBOOK | ||
| 980 | _aNB | ||
| 980 | _aRossica | ||